书目信息 |
| 题名: |
爱的潜流
|
|
| 作者: | 野曼 著 | |
| 分册: | ||
| 出版信息: | 广州 花城出版社 1982 |
|
| 页数: | 144页 | |
| 开本: | 19cm | |
| 丛书名: | 海韵诗丛 | |
| 单 册: | ||
| 中图分类: | I227 , I22 | |
| 科图分类: | ||
| 主题词: | 新诗--中国--现代--选集 , 诗歌--中国 , 韵文--中国 | |
| 电子资源: | ||
| ISBN: | ||
| 000 | 00718nam2 2200301 45 | |
| 001 | 0182004970 | |
| 005 | 20040415155911.9 | |
| 010 | @dCNY0.44 | |
| 091 | @a10261.98 | |
| 100 | @a19950408d1982 em y0chiy0121 ea | |
| 101 | 0 | @achi |
| 102 | @aCN@b440000 | |
| 105 | @ay z 000gy | |
| 106 | @ar | |
| 200 | 10 | @a爱的潜流@Aai de qian liu@f野曼著 |
| 210 | @a广州@c花城出版社@d1982 | |
| 215 | @a144页@d19cm | |
| 225 | 2 | @a海韵诗丛 |
| 410 | 0 | @120010@a海韵诗丛 |
| 606 | @a新诗@y中国@z现代@x选集 | |
| 606 | 0 | @a诗歌@x中国 |
| 606 | 0 | @a韵文@x中国 |
| 690 | @aI227@v3 | |
| 690 | @aI22 | |
| 701 | 0 | @a野曼@Aye man@4著 |
| 801 | 0 | @aCN@b上海图书馆@c20040415 |
| 801 | 2 | @aCN@bNLC@c20040415 |
| 905 | @dI22@e124 | |
| 爱的潜流/野曼著.-广州:花城出版社,1982 |
| 144页;19cm.-(海韵诗丛) |
| ISBN :CNY0.44 |
| ● |
| 相关链接 |
|
|
|
|
正题名:爱的潜流
索取号:I22/124
 
预约/预借
| 序号 | 登录号 | 条形码 | 馆藏地/架位号 | 状态 | 备注 |
| 1 | 0085887 | 000968965 | 密集书库/ [索取号:I22/124] | 在馆 | |
| 2 | 0085888 | 000968910 | 第二借阅区/ [索取号:I22/124] | 在馆 | |
| 3 | 0085889 | 000968849 | 密集书库/ [索取号:I22/124] | 在馆 | |
| 4 | 0085890 | 000968867 | 密集书库/ [索取号:I22/124] | 在馆 | |
| 5 | 0085891 | 000968992 | 第一样本阅览室/ [索取号:I22/124] | 在馆 |